MDQL
is popping MORE tags! Check the
thread
!
Quizzes
Events
Quiz Creation
Community
Videos
Private Events
Remove Ads
Sign In
Join for FREE
Feedback
Dark Mode
Quiz Categories
Sports
Geography
Music
Movies
Television
Just For Fun
Miscellaneous
History
Literature
Language
Science
Gaming
Entertainment
Religion
Holiday
For Kids
Quiz Lab
Recent
Popular Today
Quiz Kudos Today
Editor Picks
Curator Picks
Quizzes by...
Day
Popularity
Type
Ratings
Length
Year
Community
Subscriptions
Recent Discussions
Orange Saloon
Badges
Playlists
Quests
Create
Leaderboards
Showdown
Live 5
Trivia Bingo
Activity
Puzzle Library
Sporcle Events
Private Events
Virtual Trivia
Globe League
Become a Host
Pub Owners
SporcleCon
Opinionation
Our Games
Videos
Blog
Mobile Apps
Partnerships
Remove Ads and Go Orange
Feedback
Geography
Country
Landmarks
City
State
Population
World
Capital
Continent
Flags
Europe
Africa
Asia
South America
North America
Oceania
Border
Canada
United Kingdom
Topography
United States
Geography
Country
Landmarks
City
State
Population
World
Capital
Continent
Flags
Europe
Africa
Asia
South America
North America
Oceania
Border
Canada
United Kingdom
Topography
United States
Random Quiz
Search Sporcle
×
Quiz Lab
Quiz Lab
Geography
City
Type in answers that appear in a list
Type in answers that appear in a list
Classic
Best Score? Go Orange.
World Cities by Number of Letters Stats
Can you name the world cities by number of letters?
By
Norwegian_dude
10m
79 Questions
353 Plays
353 Plays
353 Plays
Comments
Comments
Give Quiz Kudos
Give Quiz Kudos
-
- Ratings
hide this ad
More Info
Replay
Link that replays current quiz
Next Quiz
Link to next quiz in quiz playlist
You Got
0%
They Got
Avg Score
50%
Avg Friend Score
Upgrade to see
Score Distribution
Jump to the score distribution portion of the page
Score
0/79
Timer
10:00
0
Plays Today
City
% Correct
Tokyo, Japan
91.2%
New York, United States
89.5%
Beijing, China
89.2%
London, United Kingdom
89%
Cairo, Egypt
87%
Moscow, Russia
86.1%
Mumbai, India
85.3%
Delhi, India
84.4%
Jakarta, Indonesia
84.1%
Mexico City, Mexico
83.9%
Seoul, South Korea
83%
Rio de Janeiro, Brazil
82.2%
Ho, Ghana
81.9%
Sao Paulo, Brazil
81.9%
Los Angeles, United States
81.9%
Rome, Italy
79.6%
Manila, Philippines
79.6%
Osaka, Japan
79.3%
Shanghai, China
79%
Lima, Peru
77.9%
Buenos Aires, Argentina
76.5%
Karachi, Pakistan
75.6%
Kolkata, India
75.4%
Istanbul, Turkey
74.8%
Bo, Sierra Leone
73.9%
Saint Petersburg, Russia
71.7%
Johannesburg, South Africa
70.3%
Xi'an, China
64.3%
Guangzhou, China
63.5%
Å, Norway
62%
Å, Norway
62%
Å, Norway
62%
Å, Sweden
62%
Kinshasa, DRC
60.1%
Bangalore, India
56.7%
Alexandria, Egypt
56.1%
Ho Chi Minh City, Vietnam
55.5%
San Francisco, United States
55.2%
Hyderabad, India
54.7%
Singapore, Singapore
54.4%
City
% Correct
Kuala Lumpur, Malaysia
50.4%
Guadalajara, Mexico
49.9%
Pune, India
48.2%
Ufa, Russia
47%
Addis Ababa, Ethiopia
45.9%
Philadelphia, United States
45.3%
Ahmedabad, Pakistan
45%
Belo Horizonte, Brazil
44.8%
Washington, United States
43.1%
Shenzhen, China
41.9%
Ye, Myanmar
41.1%
Fes, Morocco
40.5%
Kano, Nigeria
40.5%
Porto Alegre, Brazil
39.9%
Guatemala City, Guatemala
38.5%
Nagoya, Japan
37.4%
Nizhny Novgorod, Russia
34.3%
Dar es Salaam, Tanzania
34%
Y, United States
33.7%
Qom, Iran
33.7%
Yekaterinburg, Russia
33.1%
Puerto Princesa, Philippines
19.8%
Aba, Nigeria
18.4%
Shijiazhuang, China
18.1%
Ob, Russia
17.8%
Frankfurt am Main, Germany
17.3%
Huế, Vietnam
13.3%
Visakhapatnam, India
13.3%
Of, Turkey
11.6%
Thiruvananthapuram, India
10.2%
Santiago de los Caballeros, Dominican Republic
7.9%
Aguascalientes, Mexico
7.6%
Pimpri Chinchwad, India
6.5%
Jaboatao dos Guararapes, Brazil
5.9%
Sao Bernardo do Campo, Brazil
5.4%
Tiruchirappalli, India
4.2%
Feira de Santana, Brazil
4%
Oaxaca de Juarez, Mexico
3.1%
Durg-Bhilai Nagar, India
2.8%
Quiz Playlist
Details
Report
Send in Message
Add To Playlist
More Info:
I choose not to accept single character answers so that the one letter answers doesn't come accidentaly. Use "Space" as the second "letter".
Classic:
Type in answers that appear in a list
Quiz Source
Last Updated: Feb 6, 2024
Quiz Scoreboard
CHALLENGE
Sign Up to Join the Scoreboard
Show All
Scores
Hide
Comments
May contain spoilers
Recently Published
Find the 'City' Movie
by crazypaving
Movies
60s
5x2 Blitz: Bands
by SL_Kpop136
Music
30s
Colored Red Africa Blitz
by spor1
Geography
30s
More to Explore
Quiz From the Vault
Featured Blog Post
14 Easter Pick-up Lines to Find Eggs With
hide this ad
You Might Also Like...
Tags
City Quiz
Letter Quiz
Population Quiz
biggest
By Letter
By Letters
largest
Largest City
metropolitan
Top 5
World Cities
Today's Top Quizzes in Geography
Browse Geography
hide this ad
Today's Top Quizzes in City
Browse City
Top Contributed Quizzes in Geography
1
Countries of the World - No Outlines Minefield
2
Colored Red Africa Blitz II
3
Colored Red Europe Blitz I
4
Colored Red Europe Blitz II
5
Colored Red Africa Blitz III
6
Colored Red Europe Blitz III
7
Colored Red States Blitz II
8
Country Trivia Logic Puzzle II
9
Colored Red States Blitz I
10
List All 50 US States
Explore More
Trending Topics
NBA
Anime
Marvel
Crossword
Disney
Harry Potter
Kpop
Pokémon
The Office
WWE
Song
Soccer
Country
Puzzle
NFL
hide this ad
More By:
Norwegian_dude
Quiz
Plays
Rating
Category
Featured
Created
Continents by Population
327,186
4.19
Geography
Feb 9, 2012
Continents by Area
125,039
3.85
Geography
Feb 8, 2012
22 Decades of Headlines
101,983
4.21
History
Aug 6, 2012
Which Romance Language?
101,885
4.25
Language
May 25, 2013
1-10 Multiplication Blitz
81,304
4.32
Science
Sep 11, 2012
Go to Creator's Profile
Score Distribution
Quiz Creator Spotlight
Norwegian_dude
Follow
Send a Message
Quizzes Created
-
Created Quiz Play Count
-
More By This Creator
Popular Quizzes Today
1
Find the 'City' Movie
2
5x2 Blitz: Bands
3
Colored Red Africa Blitz
4
Find the US States - No Outlines Minefield
5
The Countries of the World
6
Find the US States
7
9x9 Crossword: Cartoon Network
8
US States
More Geography Quizzes
Top Wheat Producing States
Published
Trending Quizzes
Colored Red Africa Blitz II
Colored Red Europe Blitz I
Colored Red Africa Blitz III
Colored Red Europe Blitz II
Colored Red Europe Blitz III
Recently Updated
Champions League XIs: Real Madrid
pecheneg
Largest US Cities 1790-2010
pecheneg
Rides in Walt Disney World
pecheneg
Most Oscar Losses (Acting)
pecheneg
Beyoncé Albums
pecheneg
Leaping Animals
pecheneg
Reality TV Shows (A-Z)
bhenderson79
Rickey Henderson's Hall of Fame Teammates
pecheneg
Champions League XIs: Arsenal
pecheneg
Quick Pick: Celebrities in WWE's Hall of Fame
aduchscher
Trending Topics
NBA
Harry Potter
Kpop
Anime
Crossword
Disney
Marvel
Song
WWE
Country
Pokémon
Puzzle
NFL
Soccer
The Office
Your Account Isn't Verified!
In order to create a playlist on Sporcle, you need to verify the email address you used during registration. Go to your
Sporcle Settings
to finish the process.
Report this User
Report this user for behavior that violates our
Community Guidelines
.
Details:
Send Report
Go to the Sporcle.com Mobile Site →
Comments